Correspondencia [de Friedrich Nietzsche] : enero 1875 - diciembre 1879 /

Friedrich Nietzsche (1844-1900), filósofo alemán, considerado como nihilista y vitalista. Cursó estudios de filología clásica en la Universidad de Bonn y Leipzing. En este lugar tuvo un acercamiento a la filosofía de Arthur Schopenhauer y con la música de Richard Wagner, quienes influyeron en la for...

Descripció completa

Guardat en:
Dades bibliogràfiques
Autor principal: Nietzsche, Friedrich (autor)
Altres autors: Santiago Guervós, Luis Enrique de (ed.) (ed.), Rubio, Andrés (introd., notas, ap. y tr.) (introd., notas, ap. y tr.)
Format: Llibre
Idioma:espanyol
Publicat: Madrid, España : Trotta, 2009, c2009
Col·lecció:(La Dicha de Enmudecer)
Matèries:
Etiquetes: Afegir etiqueta
Sense etiquetes, Sigues el primer a etiquetar aquest registre!

MARC

LEADER 00000nam^a2200000^a^4500
001 000297721
005 20250521000000.0
009 20260310112346.238
020 |a 978-84-9879-038-2 
020 |a 978-84-8164-809-6 
037 |a Acervo Xavier Clavigero 
041 |a ESP 
082 |a 149. 8  |b NIE OBR COR V. 3 
100 |a Nietzsche, Friedrich  |e (autor) 
240 1 1 |a [Correspondencia de Friedrich Nietzsche] 
245 1 0 |a Correspondencia [de Friedrich Nietzsche] :  |b enero 1875 - diciembre 1879 /  |c F. Nietzsche ; ed. de L.E. de Santiago Guervós ; introd., notas, ap. y tr. por A. Rubio. 
264 4 |a Madrid, España :  |b Trotta,  |c 2009, c2009 
300 |a 483 p. 
336 |a texto  |b txt  |2 rdacontenido 
337 |a sin mediación  |b n  |2 rdamedio 
338 |a volumen  |b nc  |2 rdasoporte 
440 3 |a (La Dicha de Enmudecer) 
500 |a Traducción de: Sämtliche Briefe, Januar 1875 - Dezember 1879 
520 |a Friedrich Nietzsche (1844-1900), filósofo alemán, considerado como nihilista y vitalista. Cursó estudios de filología clásica en la Universidad de Bonn y Leipzing. En este lugar tuvo un acercamiento a la filosofía de Arthur Schopenhauer y con la música de Richard Wagner, quienes influyeron en la formación de su pensamiento. Profesor de filología clásica en la Universidad de Basilea. En 1889 padeció una crisis de locura de la que ya no se recuperó. Sus producciones se clasifican en: 1. Obras filosóficas: El nacimiento de la tragedia (1872); Consideraciones intempestivas; Humano demasiado humano (1878). 2. Obras de madurez: El viajero y su sombra (1880); Aurora (1881); La gaya ciencia (1882); Así hablaba Zaratustra (1883-1885); Más allá del bien y del mal (1886); El caso Wagner (1888); El ocaso de los ídolos (1888). 3. Obras póstumas: El anticristo; Ecce Homo y Nietzsche contra Wagner. La presente obra que corresponde al volumen tres de sus correspondencias, reúnen sus cartas escritas entre 1875 y 1879. 
649 |a XX 
650 |a Filósofos Alemanes -  |x Memorias 
650 |a Cartas Alemanas -  |x Tema Principal 
650 |a Literatura Alemana -  |y Siglo XIX 
650 |a Nihilismo 
650 |a Vitalismo 
650 |a Filosofía del Siglo XIX 
650 |a Filosofía Alemana 
650 |a Nietzsche, Friedrich -  |x Tema Principal 
700 |a Santiago Guervós, Luis Enrique de  |e (ed.) 
700 |a Rubio, Andrés  |e (introd., notas, ap. y tr.) 
910 |a Fondo General 
920 |a Impresos - Libros 
930 |a Colección General 
905 |a 101 
901 |a 0500182936  |b IT1  |c ACC  |i FXCC759  |u 20250521 
902 |a https://opac.biblio.iteso.mx/vufind/Record/000297721